| 000 | 00574nam a22001937a 4500 | ||
|---|---|---|---|
| 999 |
_c17058 _d17058 |
||
| 003 | AR-CdUCM | ||
| 008 | 190507b ||||| |||| 00| 0 spa d | ||
| 040 |
_aMUNICIPALIDAD PROVINCIAL DEL CUSCO _cBIBLIOTECA MUNICIPAL DEL CUSCO |
||
| 082 |
_a848.8 / _bV2 |
||
| 100 |
_aVerne, Julio _910153 |
||
| 245 | _aEscuela de Robinsones / | ||
| 260 |
_aEspaña : _bSavat, _c1969. |
||
| 300 |
_a186 páginas ; _c19 cm. |
||
| 505 | _aLiteratura -- Obra literaria... | ||
| 650 |
_aLiteratura. _983 |
||
| 700 |
_aAldecoa, Ignacio (prologo) _936878 |
||
| 942 |
_2ddc _cLIBROS |
||
| 945 | _awfj | ||